| 000 | 00461nam a22001697a 4500 | ||
|---|---|---|---|
| 003 | BD-ChCU | ||
| 005 | 20260406120350.0 | ||
| 008 | 260406b bg ||||| |||| 00| 0 ben d | ||
| 040 | _cBD-ChCU | ||
| 082 | _aREF 394.26954 THF | ||
| 100 |
_aThomas , P. _921218 |
||
| 245 |
_aFestivals and holidays of India ./ _cP . Thomas . |
||
| 260 |
_aBombay : _bTaraporevala _cC 1971 |
||
| 300 | _axii , 115p. | ||
| 650 | 0 |
_aFestivals - India. _921220 |
|
| 942 |
_2ddc _cBK _n0 |
||
| 999 |
_c112073 _d112073 |
||